La formación del pueblo griego

Na minha lista:
Detalhes bibliográficos
Autor principal: Jarde, A (Author)
Formato: Livro
Idioma:espanhol
Publicado em: Ciudad de México U.T.E.H.A 1960
Edição:Segunda edición
Colecção:La Evolución de la Humanidad, XI
Assuntos:
Tags: Adicionar Tag
Sem tags, seja o primeiro a adicionar uma tag!

MARC

LEADER 00000cam a2200000 a 4500
001 UCV9292
003 CL-VaPUC
005 20210602001427.0
008 920805e19600000MX |||||||||||||||||spa|d
999 |c 214654  |d 214652 
040 |c Pontificia Universidad Católica de Valparaíso 
082 0 4 |a 938 JAR 1960  |2 21 
100 0 |a Jarde, A  |e author  |9 303293 
245 1 3 |a La formación del pueblo griego 
250 |a Segunda edición 
260 |a Ciudad de México  |b U.T.E.H.A  |c 1960 
300 |a 319 páginas 
490 0 |a La Evolución de la Humanidad,  |v  XI 
583 |a last modification  |c 20160617 10:39:36  |k Rodrigo Vera 
650 0 |a Historia de Grecia   |9 267917 
650 0 |a Historia antigua  |9 267521 
651 0 |a Grecia  |9 265314 
942 |c BK  |2 ddc 
945 |d 19920805 00:00:00 
952 |0 0  |1 0  |2 ddc  |4 0  |6 938_000000000000000_JAR_1960  |7 0  |8 A  |9 198261  |a BIBARQ  |b BIBARQ  |d 2019-11-14  |i 2657767  |o 938 JAR 1960  |p 2657767  |r 2025-01-20  |t 1  |w 2019-11-14  |y BK  |k ARQ 
952 |0 0  |1 0  |2 ddc  |4 0  |6 938_000000000000000_JAR_1960  |7 0  |8 A  |9 198262  |a BIBHIS  |b BIBHIS  |d 2019-11-14  |i 1368184  |o 938 JAR 1960  |p 1368184  |r 2023-01-25  |t 2  |w 2019-11-14  |y BK  |k HIS 
952 |0 0  |1 0  |2 ddc  |4 0  |6 938_000000000000000_JAR_1960  |7 0  |8 A  |9 198263  |a BIBHIS  |b BIBHIS  |d 2019-11-14  |i 1368192  |o 938 JAR 1960  |p 1368192  |r 2023-01-25  |t 3  |w 2019-11-14  |y BK  |k HIS 
952 |0 0  |1 0  |2 ddc  |4 0  |6 938_000000000000000_JAR_1960  |7 0  |8 A  |9 198264  |a BIBHIS  |b BIBHIS  |d 2019-11-14  |i 1368206  |l 3  |o 938 JAR 1960  |p 1368206  |r 2023-01-25  |s 2022-09-09  |t 4  |w 2019-11-14  |y BK  |k HIS 
952 |0 0  |1 0  |2 ddc  |3 erd  |4 0  |6 938_000000000000000_JAR_1960  |7 0  |8 A  |9 198265  |a FDOHBE  |b FDOHBE  |e Huesbe Llanos, Marco Antonio, 1934-  |i 5311063  |o 938 JAR 1960  |p 5311063  |r 2024-01-30  |t 5  |w 2019-11-14  |y BK  |z Catalogado en:20160623  |k HBE